La Excedencia : (un estudio en los ámbitos laboral y funcionarial) / Abdón Pedrajas Moreno ; prólogo del professor Efrén Borrajo Dacruz (un estudio en los ámbitos laboral y funcionarial) / Abdón Pedrajas Moreno ; prólogo del professor Efrén Borrajo Dacruz

por Pedrajas Moreno, Abdón

ISBN: 84-7111-185-3
Publicado: Madrid : Montecorvo , 1983
Descripción Física: 502 p. ; 24 cm

MARC

LEADER 00000nam a2200000Ia 4500
001 20041
008 160829s1983 xx 000 0 cat d
020 |a 84-7111-185-3 
080 |a D-3-192 
100 |a Pedrajas Moreno, Abdón  |9 45153 
245 |a La Excedencia :  |b  (un estudio en los ámbitos laboral y funcionarial) / Abdón Pedrajas Moreno ; prólogo del professor Efrén Borrajo Dacruz 
260 |a Madrid :  |b Montecorvo,  |c 1983 
300 |a 502 p. ;  |c 24 cm 
590 |a A la coberta: La excedencia laboral y funcionarial.  
590 |a Bibliografia 
650 |a Excedència (Dret)  |x Espanya   |9 45154 
650 |a Espanya  |x Funcionaris i empleats  |x Dret i legislació   |9 28282 
650 |9 23521  |a Dret del treball  |x Legislació  |x Espanya  
700 1 |a Borrajo Dacruz, Efrén  |e autor del pròleg  |9 23735 
901 |a Arxiu 
942 |n 1  |2 udc 
952 |0 1  |1 0  |2 udc  |4 0  |5 2  |6 D3192  |7 1  |9 52400  |a Arxiu  |b Arxiu  |d 2016-12-01  |l 0  |o D-3-192  |p 20041  |r 2016-12-01 00:00:00  |w 2016-12-01  |y ARXIU 
999 |c 56248  |d 56248